[Event "USCL Week 10"]
[Site "Internet Chess Club"]
[Date "2015.10.27"]
[Round "?"]
[White "Ibrohimov, Ikrom"]
[Black "Rozman, Levy"]
[Result "0-1"]
[WhiteElo "2323"]
[BlackElo "2378"]
[PlyCount "60"]
[EventDate "2015.??.??"]

1. d4 f5 2. Nf3 Nf6 3. g3 g6 4. Bg2 Bg7 5. O-O O-O 6. c4 d6 7. Nc3 Qe8 8. d5 a5
9. Be3 Na6 10. Qd2 Ng4 11. Bd4 Bh6 12. Ng5 c5 13. dxc6 bxc6 14. h3 Nf6 15. Be3
Bg7 16. Nf3 Rb8 17. Rab1 Bd7 18. Rfd1 Nc7 19. b3 c5 20. Na4 Bxa4 21. Qxa5 Bc6
22. Qxc7 Ne4 23. Rbc1 Rc8 24. Qb6 Nc3 25. Rd2 Ra8 26. Ng5 Bxg2 27. Kxg2 Qd7 28.
Kh2 h6 29. Qxc5 hxg5 30. f3 Qe6 0-1

[Event "USCL Week 10"]
[Site "Internet Chess Club"]
[Date "2015.10.27"]
[Round "?"]
[White "Pelaez, Jorge"]
[Black "Colas, Joshua"]
[Result "0-1"]
[WhiteElo "2233"]
[BlackElo "2350"]
[PlyCount "80"]
[EventDate "2015.??.??"]

1. Nf3 Nf6 2. g3 d5 3. Bg2 e6 4. O-O Be7 5. d3 c5 6. Nbd2 Nc6 7. e4 O-O 8. e5
Nd7 9. Re1 Qc7 10. Qe2 Re8 11. Nf1 b5 12. h4 Bb7 13. Bf4 Qd8 14. h5 h6 15. N1h2
a5 16. Ng4 Bf8 17. Qd2 Nd4 18. Nh4 Be7 19. c3 Bxh4 20. cxd4 Be7 21. dxc5 Bxc5
22. d4 Bb4 23. Qe3 Bxe1 24. Rxe1 Qe7 25. Bf1 Ba6 26. Bd3 b4 27. Bb1 Qf8 28.
Nxh6+ gxh6 29. Bxh6 Qe7 30. Qf4 f6 31. exf6 Qxf6 32. Qg4+ Kh8 33. Bg5 Qg7 34.
Bg6 Nf8 35. Qh4 Nxg6 36. hxg6+ Kg8 37. Bf6 Qxg6 38. Re5 Rf8 39. Rxe6 Qb1+ 40.
Kh2 Qh7 0-1

[Event "USCL Week 10"]
[Site "Internet Chess Club"]
[Date "2015.10.27"]
[Round "?"]
[White "O'Brien, Matthew"]
[Black "Shlionsky, Aaron"]
[Result "1-0"]
[WhiteElo "2219"]
[BlackElo "2232"]
[PlyCount "117"]
[EventDate "2015.??.??"]

1. e4 e5 2. Nf3 Nc6 3. Bb5 a6 4. Ba4 Nf6 5. O-O Be7 6. Re1 b5 7. Bb3 d6 8. c3
O-O 9. h3 Nb8 10. d4 Nbd7 11. Nbd2 Bb7 12. Bc2 Re8 13. Nf1 Bf8 14. Ng3 g6 15.
Bg5 h6 16. Bd2 Bg7 17. Qc1 Kh7 18. a4 c6 19. Bd3 Qc7 20. b4 Rac8 21. dxe5 dxe5
22. c4 bxc4 23. Qxc4 c5 24. Qxf7 c4 25. Rac1 Qd6 26. Nh4 Nf8 27. Qxg7+ Kxg7 28.
Nhf5+ gxf5 29. Nxf5+ Kg6 30. Nxd6 cxd3 31. Nxb7 Rxc1 32. Bxc1 Rb8 33. Nc5 Rxb4
34. Nxd3 Rxa4 35. Nxe5+ Kg7 36. f3 Ra2 37. Nd3 Ne6 38. Bb2 Kf7 39. Ra1 Rxa1+
40. Bxa1 Nd7 41. Bc3 Nb6 42. Kf2 Nc4 43. Ne5+ Nxe5 44. Bxe5 a5 45. Ke3 h5 46.
f4 Nc5 47. Bd6 Nb7 48. Ba3 a4 49. Kd4 Nd8 50. e5 Nc6+ 51. Kd5 Na7 52. Kc5 h4
53. f5 Nc8 54. Kb5 Na7+ 55. Kxa4 Nc6 56. e6+ Kf6 57. Bc5 Kg7 58. Kb5 Nb8 59.
Bd6 1-0

[Event "USCL Week 10"]
[Site "Internet Chess Club"]
[Date "2015.10.27"]
[Round "?"]
[White "Francisco, Richard"]
[Black "Schroer, Jonathan"]
[Result "0-1"]
[WhiteElo "2391"]
[BlackElo "2427"]
[PlyCount "76"]
[EventDate "2015.??.??"]

1. e4 e6 2. d4 d5 3. e5 c5 4. c3 Nc6 5. Nf3 Bd7 6. Be2 Nge7 7. O-O Ng6 8. g3 f6
9. exf6 Qxf6 10. Bg5 Qf7 11. c4 h6 12. Be3 e5 13. cxd5 Nxd4 14. Bxd4 exd4 15.
Nbd2 O-O-O 16. b4 Qxd5 17. Bc4 Qh5 18. Qb3 Kb8 19. Rfe1 Bd6 20. bxc5 Bxc5 21.
Bf7 Qf5 22. Rab1 Bb6 23. a4 Bc8 24. Rec1 Ne7 25. Nh4 Qd7 26. Nc4 Bc7 27. Re1 d3
28. Be6 Qc6 29. Bxc8 Nxc8 30. Re6 Qd5 31. Nf5 Nb6 32. Nxb6 Qxb3 33. Rxb3 d2 34.
Ne3 Bxb6 35. Nd1 Rhe8 36. Rxe8 Rxe8 37. Kg2 Re1 38. Rb1 Kc7 0-1

[Event "USCL Week 10"]
[Site "Internet Chess Club"]
[Date "2015.10.27"]
[Round "?"]
[White "Katz, Alexander"]
[Black "Shmelov, Denys"]
[Result "1-0"]
[WhiteElo "2464"]
[BlackElo "2444"]
[PlyCount "81"]
[EventDate "2015.??.??"]

1. e4 c6 2. d4 d5 3. Nc3 dxe4 4. Nxe4 Bf5 5. Ng3 Bg6 6. h4 h6 7. Nf3 Nd7 8. h5
Bh7 9. Bd3 Bxd3 10. Qxd3 e6 11. Bd2 Ngf6 12. O-O-O Be7 13. Ne4 Nxe4 14. Qxe4
Nf6 15. Qd3 c5 16. Qb5+ Qd7 17. Qxd7+ Nxd7 18. Bc3 cxd4 19. Bxd4 Bf6 20. Bxf6
Nxf6 21. Ne5 Ke7 22. Rh3 Rhc8 23. Rhd3 Rc5 24. f4 Rac8 25. c3 R8c7 26. g3 Rd5
27. Rxd5 Nxd5 28. Rd4 Nf6 29. g4 Rc5 30. Kd2 Nd5 31. Nd3 Rc7 32. c4 Nf6 33. Ne5
Ne8 34. b4 a6 35. a4 Kf6 36. b5 axb5 37. axb5 g5 38. hxg6 fxg6 39. b6 Re7 40.
c5 Kg7 41. g5 1-0

[Event "USCL Week 10"]
[Site "Internet Chess Club"]
[Date "2015.10.27"]
[Round "?"]
[White "Ivanov, Alexander"]
[Black "Zierk, Steven"]
[Result "0-1"]
[WhiteElo "2628"]
[BlackElo "2562"]
[PlyCount "86"]
[EventDate "2015.??.??"]

1. e4 c5 2. Nf3 d6 3. d4 cxd4 4. Nxd4 Nf6 5. Nc3 a6 6. g3 e5 7. Nde2 Be7 8. Bg2
b5 9. a4 b4 10. Nd5 Nxd5 11. Qxd5 Ra7 12. Be3 Be6 13. Qd3 Rd7 14. c4 bxc3 15.
Nxc3 Rb7 16. O-O O-O 17. Nd5 Bg5 18. f4 exf4 19. gxf4 Bh4 20. Rab1 Qa5 21. b3
Bxd5 22. exd5 Nd7 23. Kh1 Rfb8 24. Bd2 Qb6 25. a5 Qb5 26. Qf3 Bd8 27. b4 Bxa5
28. bxa5 Qxb1 29. Rxb1 Rxb1+ 30. Bf1 R8b2 31. Be3 Re1 32. Bd4 Rc2 33. Kg1 Rcc1
34. Qg4 Nf6 35. Qf5 Ne8 36. Kg2 Rxf1 37. Qd7 Kf8 38. Qb7 Rfd1 39. Bb6 Rd2+ 40.
Kf3 Rc3+ 41. Be3 Rdd3 42. Qxa6 Rxe3+ 43. Kf2 Rh3 0-1

[Event "USCL Week 10"]
[Site "Internet Chess Club"]
[Date "2015.10.27"]
[Round "?"]
[White "Becerra, Julio"]
[Black "Edelman, Danny"]
[Result "1/2-1/2"]
[WhiteElo "2616"]
[BlackElo "2460"]
[PlyCount "133"]
[EventDate "2015.??.??"]

1. d4 Nf6 2. c4 g6 3. Nc3 Bg7 4. e4 d6 5. Be2 O-O 6. Nf3 e5 7. O-O Nc6 8. d5
Ne7 9. Ne1 Nd7 10. Be3 f5 11. f3 f4 12. Bf2 g5 13. Rc1 Ng6 14. c5 Nxc5 15. b4
Na6 16. Nd3 Rf7 17. Nb5 Bd7 18. Nxa7 Qb8 19. Nc6 bxc6 20. dxc6 Be6 21. b5 Bxa2
22. bxa6 g4 23. fxg4 f3 24. Bxf3 Rxa6 25. g5 Nf4 26. Nxf4 exf4 27. Bg4 Re7 28.
Bf5 Qe8 29. Qg4 Rxc6 30. g6 hxg6 31. Bxg6 Bf7 32. Bf5 Rxc1 33. Rxc1 Rxe4 34.
Bxe4 Qxe4 35. Qc8+ Bf8 36. Rxc7 Be6 37. Qa6 Bd5 38. Qf1 Bg7 39. Rc8+ Kh7 40.
Rc1 Be5 41. Rd1 Kg7 42. Rd2 Bc6 43. Re2 Qg6 44. Re1 Be4 45. Rd1 d5 46. Bd4
Bxd4+ 47. Rxd4 f3 48. g3 Qb6 49. Qd1 Kf6 50. Kf1 Ke5 51. Rd2 Qe3 52. Qa1+ d4
53. Qa5+ Bd5 54. Qc7+ Ke6 55. Qb6+ Ke5 56. Qb8+ Kf5 57. Qf4+ Qxf4 58. gxf4 Ke4
59. Kf2 Be6 60. Rd1 Bf5 61. Kg3 d3 62. Re1+ Kd4 63. Kxf3 d2 64. Ra1 Bc2 65. f5
Ke5 66. Ke2 d1=Q+ 67. Rxd1 1/2-1/2

[Event "USCL Week 10"]
[Site "Internet Chess Club"]
[Date "2015.10.27"]
[Round "?"]
[White "Studen, Damir"]
[Black "Wang, Steve"]
[Result "1/2-1/2"]
[WhiteElo "2344"]
[BlackElo "2233"]
[PlyCount "204"]
[EventDate "2015.??.??"]

1. d4 d5 2. c4 c6 3. Nf3 Nf6 4. Qc2 dxc4 5. Qxc4 Bf5 6. Nc3 Nbd7 7. Ng5 Bg6 8.
Nf3 e6 9. Bf4 Be7 10. e3 O-O 11. Qb3 Qb6 12. Qxb6 axb6 13. Ne5 Bb4 14. Nxd7
Nxd7 15. Bc4 Nf6 16. Rc1 b5 17. Bb3 Bd3 18. f3 Bc4 19. Bxc4 bxc4 20. a3 Ba5 21.
e4 Rfd8 22. Be3 Nd7 23. Ke2 e5 24. Rhd1 exd4 25. Bxd4 b5 26. Nb1 Nf8 27. b3 Ne6
28. Be3 Rxd1 29. Kxd1 Rd8+ 30. Ke2 cxb3 31. Rxc6 g5 32. Ra6 Bc7 33. g3 h5 34.
Ra7 h4 35. Bf2 hxg3 36. hxg3 Be5 37. Rb7 Rc8 38. Rxb5 Rc2+ 39. Kf1 Bd4 40. Bxd4
Nxd4 41. Rb4 Nxf3 42. Rxb3 g4 43. a4 Rc4 44. a5 Rxe4 45. a6 Ra4 46. Ra3 Nd2+
47. Kf2 Rxa6 48. Rxa6 Nxb1 49. Ra4 Nc3 50. Rxg4+ Kf8 51. Ke3 Nd5+ 52. Kd4 Nf6
53. Rf4 Kg7 54. Ke5 Nd7+ 55. Kf5 Nf6 56. Rd4 Ng8 57. Rg4+ Kf8 58. Ra4 Kg7 59.
Ra7 Nh6+ 60. Kg5 Ng8 61. g4 Nf6 62. Kf5 Nh7 63. g5 Nf8 64. Ra6 Kg8 65. Rb6 Kg7
66. Rd6 Kg8 67. Rd1 Kg7 68. Rd6 Kg8 69. g6 fxg6+ 70. Kf6 Nh7+ 71. Kxg6 Nf8+ 72.
Kf6 Nh7+ 73. Ke7 Kg7 74. Rd1 Kg6 75. Rg1+ Ng5 76. Kd6 Kf5 77. Kd5 Kf4 78. Rf1+
Nf3 79. Ke6 Ke4 80. Ra1 Nd4+ 81. Kd6 Nf5+ 82. Kc5 Ne3 83. Re1 Kd3 84. Rh1 Ke4
85. Rh4+ Ke5 86. Rh8 Ke4 87. Re8+ Kd3 88. Re5 Ng4 89. Rd5+ Ke3 90. Kc4 Ke4 91.
Rd4+ Kf5 92. Kd5 Nf6+ 93. Kd6 Ne4+ 94. Ke7 Ke5 95. Rd3 Nc5 96. Rh3 Ne4 97. Rh5+
Kd4 98. Ke6 Nc5+ 99. Kf5 Kd5 100. Rh1 Nd3 101. Rd1 Kd4 102. Rxd3+ Kxd3 1/2-1/2

[Event "USCL Week 10"]
[Site "Internet Chess Club"]
[Date "2015.10.27"]
[Round "?"]
[White "Shi, Jason"]
[Black "Yanovsky, Vlad"]
[Result "1-0"]
[WhiteElo "2249"]
[BlackElo "2229"]
[PlyCount "133"]
[EventDate "2015.??.??"]

1. d4 Nf6 2. c4 g6 3. Nc3 Bg7 4. e4 d6 5. Nf3 O-O 6. Be2 Bg4 7. O-O Nfd7 8. Ne1
Bxe2 9. Nxe2 c5 10. Be3 Nc6 11. Rc1 cxd4 12. Nxd4 Nc5 13. f3 Qa5 14. Rf2 Nxd4
15. Bxd4 Bh6 16. Rb1 Ne6 17. b4 Qc7 18. Rc2 Nxd4 19. Qxd4 Rfc8 20. Nd3 Qb6 21.
Qxb6 axb6 22. Kf2 Ra3 23. Rb3 Rxb3 24. axb3 Ra8 25. c5 bxc5 26. bxc5 Ra3 27.
cxd6 exd6 28. Rc3 Bd2 29. Rc2 Ba5 30. b4 Bb6+ 31. Ke2 Kg7 32. Nf4 Ra1 33. Nd5
Bg1 34. h3 b6 35. Kd3 Kh6 36. Kc4 Kg5 37. g3 Rf1 38. Rc3 Bf2 39. f4+ Kh6 40.
Ne3 Bxe3 41. Rxe3 Rh1 42. g4 Rf1 43. Kb5 Rxf4 44. Kxb6 d5 45. exd5 Rxb4+ 46.
Kc5 Rb1 47. d6 Rc1+ 48. Kd5 Rd1+ 49. Kc6 Rc1+ 50. Kd7 f5 51. Ke7 Rd1 52. d7
fxg4 53. hxg4 Kg5 54. d8=Q Rxd8 55. Kxd8 Kxg4 56. Ke7 h5 57. Kf6 h4 58. Re4+
Kg3 59. Kg5 h3 60. Re3+ Kg2 61. Kg4 h2 62. Re2+ Kg1 63. Kg3 h1=N+ 64. Kf3 g5
65. Rd2 g4+ 66. Kxg4 Nf2+ 67. Kf3 1-0

[Event "USCL Week 10"]
[Site "Internet Chess Club"]
[Date "2015.10.28"]
[Round "?"]
[White "Rosenthal, Nicholas"]
[Black "Metpally, Jason"]
[Result "1-0"]
[WhiteElo "2162"]
[BlackElo "2085"]
[PlyCount "97"]
[EventDate "2015.??.??"]

1. e4 e6 2. d4 d5 3. Nd2 Be7 4. c3 c5 5. exd5 exd5 6. dxc5 Bxc5 7. Ngf3 Nf6 8.
Nb3 Bb6 9. Bb5+ Bd7 10. Bxd7+ Qxd7 11. O-O O-O 12. Qd3 Nc6 13. Bg5 Ne4 14. Rad1
h6 15. Be3 Bxe3 16. Qxe3 Rfe8 17. Qd3 Rad8 18. Rfe1 Qf5 19. Qb5 Re6 20. Qf1 Rf6
21. Nbd4 Nxd4 22. Rxd4 Rdd6 23. Re2 Qh5 24. Rd3 Rg6 25. Nd4 Rdf6 26. f3 Rg4 27.
Qe1 Rh4 28. fxe4 Rxh2 29. Rh3 Rxh3 30. gxh3 Qxh3 31. Rg2 Rf4 32. exd5 Rh4 33.
Qe5 Rg4 34. Rxg4 Qxg4+ 35. Kf2 Qh4+ 36. Ke2 Qg4+ 37. Kd2 Qg2+ 38. Kc1 Qg1+ 39.
Kc2 Qg6+ 40. Qf5 Qg2+ 41. Kb3 a5 42. d6 a4+ 43. Ka3 Qg3 44. Qd5 Qh4 45. Qxb7
Qd8 46. Qe7 Qa8 47. d7 Kh7 48. d8=Q Qxd8 49. Qxd8 1-0

[Event "USCL Week 10"]
[Site "Internet Chess Club"]
[Date "2015.10.28"]
[Round "?"]
[White "Breckenridge, Steven"]
[Black "Johnson, Frank"]
[Result "1-0"]
[WhiteElo "2414"]
[BlackElo "2351"]
[PlyCount "43"]
[EventDate "2015.??.??"]

1. b3 d5 2. Bb2 Nf6 3. g3 Bf5 4. Bg2 e6 5. c4 c6 6. Nc3 d4 7. Nb1 e5 8. Nf3
Nbd7 9. e3 Bd3 10. exd4 e4 11. Ne5 Nxe5 12. dxe5 Nd7 13. e6 Nc5 14. exf7+ Kxf7
15. Nc3 Qf6 16. b4 Ne6 17. c5 Nd4 18. Nxe4 Re8 19. f3 Kg6 20. Rc1 Nxf3+ 21.
Qxf3 Bxe4 22. Qxe4+ 1-0

[Event "USCL Week 10"]
[Site "Internet Chess Club"]
[Date "2015.10.28"]
[Round "?"]
[White "Akobian, Varuzhan"]
[Black "Toolin, Chris"]
[Result "1-0"]
[WhiteElo "2721"]
[BlackElo "2328"]
[PlyCount "109"]
[EventDate "2015.??.??"]

1. d4 Nf6 2. c4 e6 3. Nc3 Bb4 4. Qc2 O-O 5. a3 Bxc3+ 6. Qxc3 d5 7. Bg5 dxc4 8.
Qxc4 b6 9. Nf3 Ba6 10. Qa4 Qd7 11. Qc2 c5 12. dxc5 Rc8 13. Bxf6 gxf6 14. Rd1
Rxc5 15. Qe4 Qc7 16. Qxa8 Bb7 17. Qxa7 Ra5 18. Qxa5 bxa5 19. e3 Qc2 20. Be2 Nc6
21. Rd2 Qb1+ 22. Bd1 Ba6 23. Rc2 Ne5 24. Nxe5 fxe5 25. Kd2 e4 26. Re1 Bd3 27.
Rc8+ Kg7 28. Rb8 Qa2 29. Rb3 Bc4 30. Kc3 Bd3 31. Bc2 a4 32. Rb4 Qd5 33. Kd2
Bxc2+ 34. Kxc2 Qf5 35. Re2 Qh5 36. Rd2 Qxh2 37. g3 f5 38. Rxa4 Kf6 39. Rad4 Qg1
40. b4 h5 41. b5 f4 42. exf4 e3 43. fxe3 Qxg3 44. b6 Qf3 45. Rb4 Qb7 46. Kb2 h4
47. e4 Kg6 48. a4 Kh5 49. a5 h3 50. a6 Qg7+ 51. e5 Qg1 52. a7 h2 53. a8=Q h1=Q
54. Qxh1+ Qxh1 55. b7 1-0

[Event "USCL Week 10"]
[Site "Internet Chess Club"]
[Date "2015.10.28"]
[Round "?"]
[White "Jayaraman, Arvind"]
[Black "Finegold, Spencer"]
[Result "1-0"]
[WhiteElo "2331"]
[BlackElo "2187"]
[PlyCount "85"]
[EventDate "2015.??.??"]

1. d4 Nf6 2. Nf3 e6 3. c4 c5 4. d5 d6 5. Nc3 exd5 6. cxd5 g6 7. g3 Bg7 8. Bg2
O-O 9. O-O Re8 10. Bf4 a6 11. a4 h6 12. Qc1 g5 13. Bd2 Bf5 14. h4 g4 15. Ne1
Kh7 16. Nc2 Nbd7 17. Bf4 Ne5 18. Ne3 Bg6 19. Bxe5 Rxe5 20. Nc4 Nh5 21. Nxe5
Bxe5 22. Ra3 f5 23. e3 Qf6 24. Rb3 b5 25. axb5 axb5 26. Rxb5 f4 27. exf4 Nxf4
28. gxf4 Bxf4 29. Ne4 Bxe4 30. Bxe4+ Kg8 31. Qc4 Rf8 32. Rb3 Qxh4 33. Rg3 Bxg3
34. fxg3 Qxg3+ 35. Bg2 Qe3+ 36. Kh1 Rxf1+ 37. Qxf1 h5 38. Qf6 Qe1+ 39. Kh2 Qd2
40. Qg6+ Kf8 41. Qxd6+ Ke8 42. Qe5+ Kd8 43. d6 1-0

[Event "USCL Week 10"]
[Site "Internet Chess Club"]
[Date "2015.10.28"]
[Round "?"]
[White "Stukopin, Andrey"]
[Black "Donaldson, John"]
[Result "1-0"]
[WhiteElo "2682"]
[BlackElo "2409"]
[PlyCount "93"]
[EventDate "2015.??.??"]

1. e4 c5 2. Nc3 Nc6 3. Nf3 g6 4. d4 cxd4 5. Nxd4 Bg7 6. Be3 Nf6 7. Bc4 O-O 8.
Bb3 d6 9. f3 Bd7 10. Qd2 Nxd4 11. Bxd4 b5 12. a4 b4 13. Nd5 Nxd5 14. exd5 Bxd4
15. Qxd4 Qa5 16. O-O Rac8 17. Rfe1 Rfe8 18. Rad1 Qc5 19. g4 a5 20. Kg2 Qxd4 21.
Rxd4 Kf8 22. Kg3 e5 23. dxe6 Bxe6 24. Bxe6 Rxe6 25. Rxe6 fxe6 26. Rxd6 Rxc2 27.
Rxe6 Rxb2 28. Ra6 Ra2 29. Rxa5 b3 30. Rb5 Rxa4 31. Rxb3 Ra7 32. h4 Kg7 33. Rb6
h6 34. Rd6 Rb7 35. h5 gxh5 36. gxh5 Rb5 37. Rg6+ Kh7 38. Kg4 Rb1 39. f4 Rg1+
40. Kf5 Rh1 41. Kf6 Rxh5 42. Rg7+ Kh8 43. Re7 Rh1 44. f5 h5 45. Kf7 Ra1 46. f6
Ra6 47. Kg6 1-0

[Event "USCL Week 10"]
[Site "Internet Chess Club"]
[Date "2015.10.28"]
[Round "?"]
[White "Critelli, James"]
[Black "Almeida, Alfonso"]
[Result "1-0"]
[WhiteElo "2376"]
[BlackElo "2406"]
[PlyCount "125"]
[EventDate "2015.??.??"]

1. e4 c5 2. b3 Nc6 3. Bb2 d6 4. Bb5 Bd7 5. f4 Nf6 6. Nc3 a6 7. Bxc6 Bxc6 8. Qe2
e6 9. Nf3 b5 10. d3 b4 11. Nd1 d5 12. Ne5 Bb7 13. exd5 Nxd5 14. O-O Qh4 15. Ne3
Be7 16. Nxd5 Bxd5 17. Rae1 O-O 18. Qd2 Bf6 19. Re3 Bxe5 20. Bxe5 Qd8 21. Rh3 f6
22. Bb2 Ra7 23. a4 Re7 24. Qf2 Rc7 25. Qh4 g6 26. Re1 Rg7 27. Ree3 Rff7 28. Qf2
Qd6 29. Qh4 Qf8 30. Qe1 Re7 31. Rhg3 Rgf7 32. Qe2 Qd8 33. h4 Qd6 34. Qg4 e5 35.
fxe5 fxe5 36. h5 Re6 37. hxg6 hxg6 38. Bxe5 Rxe5 39. Qxg6+ Qxg6 40. Rxg6+ Kh7
41. Rxe5 Kxg6 42. Rxd5 Rc7 43. Rd6+ Kf5 44. Rxa6 Ke5 45. Rh6 Kd5 46. Rh5+ Kc6
47. Rh4 Rg7 48. d4 c4 49. bxc4 Rg3 50. Rh6+ Kc7 51. Rh3 Rg4 52. Rd3 Kb6 53. Kf2
Ka5 54. Kf3 Rg8 55. d5 Rf8+ 56. Ke2 Re8+ 57. Kd2 Rg8 58. g3 Kxa4 59. d6 Ka5 60.
d7 Rd8 61. Rd6 b3 62. cxb3 Kb4 63. Kd3 1-0

[Event "USCL Week 10"]
[Site "Internet Chess Club"]
[Date "2015.10.28"]
[Round "?"]
[White "Hobosyan, Mkhitar"]
[Black "Banik, Siddharth"]
[Result "0-1"]
[WhiteElo "1930"]
[BlackElo "2258"]
[PlyCount "92"]
[EventDate "2015.??.??"]

1. d4 Nf6 2. Nf3 g6 3. Bf4 Bg7 4. e3 O-O 5. Bd3 d6 6. O-O Qe8 7. e4 Nc6 8. c3
e5 9. dxe5 dxe5 10. Be3 Qe7 11. b4 Rd8 12. Qe2 Bg4 13. Nbd2 Nh5 14. h3 Be6 15.
Bc2 a6 16. Rfd1 Nf4 17. Qf1 Qf6 18. Bb3 h5 19. Bxe6 Nxe6 20. h4 Qe7 21. g3 Kh8
22. Nb3 f5 23. Rxd8+ Rxd8 24. Ng5 f4 25. Nxe6 Qxe6 26. Bd2 Qg4 27. Kh2 Rf8 28.
Qg2 f3 29. Qf1 Qxe4 30. b5 axb5 31. Qxb5 Ne7 32. Re1 Qd5 33. Qxd5 Nxd5 34. Nc5
Ra8 35. Ra1 b6 36. Ne4 Ra4 37. Ng5 e4 38. Re1 Nf6 39. Bf4 Rxa2 40. Kg1 c5 41.
Be5 e3 42. Nh3 Ng4 43. Bxg7+ Kxg7 44. Rf1 e2 45. Re1 Rd2 46. Ng5 Ne5 0-1

[Event "USCL Week 10"]
[Site "Internet Chess Club"]
[Date "2015.10.28"]
[Round "?"]
[White "Andrenko, Irina"]
[Black "Mattson, Dane"]
[Result "0-1"]
[WhiteElo "2323"]
[BlackElo "2261"]
[PlyCount "94"]
[EventDate "2015.??.??"]

1. e4 e6 2. Qe2 c5 3. Nf3 Nc6 4. g3 g6 5. Bg2 Bg7 6. O-O Nge7 7. Nc3 d6 8. d3
O-O 9. h4 h5 10. Be3 Nd4 11. Qd2 e5 12. Nh2 Be6 13. Nd1 Qd7 14. c3 Ndc6 15. f4
exf4 16. gxf4 Rad8 17. Qe2 f5 18. Nf2 c4 19. dxc4 fxe4 20. Nxe4 Nf5 21. Bf2 Bh6
22. Ng5 Bxg5 23. fxg5 Rfe8 24. b3 d5 25. Rad1 Qf7 26. cxd5 Bxd5 27. Qb5 Bxg2
28. Kxg2 a6 29. Qc5 Rxd1 30. Rxd1 Re2 31. Nf3 Ne3+ 32. Qxe3 Rxe3 33. Bxe3 Qe6
34. Kf2 Ne5 35. Rd8+ Kf7 36. Nxe5+ Qxe5 37. Rd4 Qh2+ 38. Kf3 Qh1+ 39. Kf2 Ke6
40. Rf4 Ke5 41. Rb4 a5 42. Ra4 b5 43. Rxa5 Ke4 44. Bd4 Qf3+ 45. Kg1 Qg3+ 46.
Kf1 Kf3 47. Rxb5 Qg2+ 0-1

[Event "USCL Week 10"]
[Site "Internet Chess Club"]
[Date "2015.10.28"]
[Round "?"]
[White "Ginsburg, Mark"]
[Black "Golub, David"]
[Result "1/2-1/2"]
[WhiteElo "2404"]
[BlackElo "2321"]
[PlyCount "57"]
[EventDate "2015.??.??"]

1. c4 Nf6 2. Nc3 d5 3. cxd5 Nxd5 4. Nf3 c5 5. d4 g6 6. dxc5 Nxc3 7. Qxd8+ Kxd8
8. bxc3 Bg7 9. Nd4 a6 10. e4 Kc7 11. Bc4 Nc6 12. Bb2 Rd8 13. O-O-O Ne5 14. Be2
Bd7 15. c4 Ba4 16. Nb3 Bh6+ 17. Kb1 Rxd1+ 18. Rxd1 Nc6 19. Rd3 Bg5 20. Nd4 Rd8
21. Nf3 Rxd3 22. Bxd3 Bf4 23. Bc2 Bxc2+ 24. Kxc2 Nb4+ 25. Kc3 Nc6 26. Kd3 Nb4+
27. Kc3 Nc6 28. Kd3 Nb4+ 29. Kc3 1/2-1/2

[Event "USCL Week 10"]
[Site "Internet Chess Club"]
[Date "2015.10.28"]
[Round "?"]
[White "Tiglon, Bryce"]
[Black "Sun, Rick"]
[Result "1-0"]
[WhiteElo "2305"]
[BlackElo "2093"]
[PlyCount "158"]
[EventDate "2015.??.??"]

1. d4 Nf6 2. c4 g6 3. Nc3 Bg7 4. e4 O-O 5. Be2 d6 6. Nf3 e5 7. d5 a5 8. Bg5 Qe8
9. Nd2 Nfd7 10. g4 Na6 11. Nf1 Ndc5 12. Ng3 a4 13. Qd2 a3 14. b3 f6 15. Be3 Bd7
16. h4 Qc8 17. f3 Rf7 18. Rg1 Qf8 19. O-O-O Nb4 20. Kb1 b6 21. Nb5 Bxb5 22.
cxb5 f5 23. gxf5 gxf5 24. exf5 Nxb3 25. Qxb4 Nd4 26. Bxd4 exd4 27. Nh5 Kh8 28.
Nxg7 Rxg7 29. Qxd4 Qxf5+ 30. Bd3 Qe5 31. Qxe5 dxe5 32. Rxg7 Kxg7 33. Rc1 Rc8
34. Bf5 Rd8 35. Rxc7+ Kf6 36. Be4 Rg8 37. Rc6+ Ke7 38. Rxb6 Rg1+ 39. Kc2 Rh1
40. Kb3 Rxh4 41. Rb7+ Kd6 42. Rxh7 Rf4 43. Kxa3 Kc5 44. Rc7+ Kd6 45. Rc6+ Kd7
46. Kb4 Ke7 47. a4 Kd7 48. a5 Rf8 49. a6 Ra8 50. Ka5 Rg8 51. a7 Rg1 52. Kb6 Ra1
53. Kb7 Ra5 54. b6 Rxa7+ 55. bxa7 Ke7 56. a8=N Kf7 57. Nb6 Ke7 58. Nc4 Kd8 59.
Nxe5 Ke7 60. f4 Kf8 61. Nd3 Ke7 62. f5 Kf7 63. Re6 Kg7 64. d6 Kf7 65. d7 Kg7
66. d8=N Kf8 67. Nc6 Kf7 68. Nd4 Kf8 69. Bh1 Kf7 70. Kc7 Kf8 71. Kd7 Kf7 72.
Ra6 Kf8 73. Ke6 Kg7 74. f6+ Kg8 75. f7+ Kg7 76. Ke7 Kh7 77. f8=N+ Kg7 78. Nf5+
Kg8 79. Bd5+ Kh8 1-0

[Event "USCL Week 10"]
[Site "Internet Chess Club"]
[Date "2015.10.28"]
[Round "?"]
[White "Wasiluk, Kevin"]
[Black "Torres, Luis"]
[Result "1-0"]
[WhiteElo "2317"]
[BlackElo "2353"]
[PlyCount "115"]
[EventDate "2015.??.??"]

1. d4 Nf6 2. c4 g6 3. Nc3 Bg7 4. e4 d6 5. Nf3 O-O 6. Be2 Na6 7. O-O e5 8. Be3
Ng4 9. Bg5 Qe8 10. dxe5 dxe5 11. h3 h6 12. Bd2 Nf6 13. Be3 b6 14. Qb1 Nh5 15.
Re1 Nf4 16. Bxf4 exf4 17. e5 c6 18. Qe4 f6 19. exf6 Qxe4 20. Nxe4 Bxf6 21.
Nxf6+ Rxf6 22. Ne5 Nb4 23. Bf3 Bf5 24. Re2 Rc8 25. Bg4 Re8 26. Rae1 Rfe6 27.
Bxf5 gxf5 28. Kf1 Kg7 29. Nd3 Rxe2 30. Rxe2 Rxe2 31. Kxe2 Nxa2 32. Kf3 Kf6 33.
Kxf4 b5 34. cxb5 cxb5 35. g4 fxg4 36. hxg4 a5 37. Ke4 a4 38. f4 b4 39. Kd4 Kg6
40. Kc4 b3 41. Kb5 Nc1 42. Ne5+ Kg7 43. Kxa4 h5 44. g5 h4 45. f5 h3 46. f6+ Kg8
47. Ng4 Kf7 48. Nh6+ Ke6 49. f7 h2 50. f8=Q h1=Q 51. Qe8+ Kd6 52. Nf5+ Kc7 53.
Qe7+ Kb6 54. Qd6+ Kb7 55. Qb4+ Kc7 56. Qc5+ Kb8 57. Nd6 Na2 58. Qc8+ 1-0

[Event "USCL Week 10"]
[Site "Internet Chess Club"]
[Date "2015.10.28"]
[Round "?"]
[White "Bartholomew, John"]
[Black "Gorovets, Andrey"]
[Result "1/2-1/2"]
[WhiteElo "2555"]
[BlackElo "2617"]
[PlyCount "125"]
[EventDate "2015.??.??"]

1. d4 g6 2. c4 Bg7 3. Nc3 c5 4. d5 d6 5. e4 e6 6. Bd3 Nf6 7. h3 exd5 8. cxd5 a6
9. a4 Nbd7 10. Nf3 Nh5 11. Bg5 Bf6 12. Be3 Ne5 13. Be2 Nxf3+ 14. Bxf3 Ng7 15.
O-O O-O 16. a5 Rb8 17. Qd2 Re8 18. Na4 Be5 19. Nb6 Bd7 20. Nc4 Bb5 21. Nxe5
Rxe5 22. Rfe1 f6 23. b4 c4 24. Bd4 Re8 25. Qc3 Rf8 26. Bg4 Qe7 27. f4 Qf7 28.
e5 fxe5 29. fxe5 Qxd5 30. e6 Nh5 31. e7 Rf5 32. Bxf5 gxf5 33. Ra2 Re8 34. Rf2
Bc6 35. Qe3 f4 36. Qe6+ Qxe6 37. Rxe6 f3 38. gxf3 Nf4 39. Rh6 Rxe7 40. Kh2 Ng6
41. h4 Re1 42. h5 Ne5 43. Rxd6 Nxf3+ 44. Kg3 Rg1+ 45. Kf4 Ng5 46. Ke3 Rg3+ 47.
Ke2 Bf3+ 48. Kf1 Ne4 49. Rd8+ Kf7 50. Be5 Rh3 51. Rh2 Rxh2 52. Bxh2 Bxh5 53.
Rd7+ Ke6 54. Rxb7 c3 55. Bf4 Be8 56. Ke2 Kd5 57. Rxh7 Kc4 58. Re7 Bh5+ 59. Ke1
Bf3 60. Re6 Kxb4 61. Rxa6 Kb5 62. Re6 Kxa5 63. Rxe4 1/2-1/2

[Event "USCL Week 10"]
[Site "Internet Chess Club"]
[Date "2015.10.28"]
[Round "?"]
[White "Holt, Conrad"]
[Black "Nyzhnyk, Illya"]
[Result "1-0"]
[WhiteElo "2615"]
[BlackElo "2725"]
[PlyCount "117"]
[EventDate "2015.??.??"]

1. d4 d5 2. c4 dxc4 3. Nf3 Nf6 4. Nc3 c6 5. a4 Bf5 6. e3 e6 7. Bxc4 Nbd7 8. O-O
Bb4 9. Qe2 Bg6 10. e4 O-O 11. Bd3 Bh5 12. e5 Nd5 13. Nxd5 cxd5 14. Qe3 Re8 15.
Ng5 Bg6 16. Bxg6 fxg6 17. a5 Rc8 18. a6 b5 19. Qb3 Rc4 20. Be3 Qb6 21. f4 Be7
22. Qd3 Rf8 23. h4 Bxg5 24. fxg5 Ra4 25. Rxf8+ Nxf8 26. Rf1 Rc4 27. Qe2 Qc6 28.
Bd2 Qe8 29. Qd3 Nd7 30. b3 Rc6 31. Bb4 Qc8 32. Qf3 Qe8 33. Qd3 Qc8 34. Kh2 Rxa6
35. Qxb5 Rc6 36. Rf3 a6 37. Qa4 Qb7 38. Bd6 Rc8 39. Qa5 Qb6 40. Qa4 Qb7 41. Qa2
Qc6 42. Rf1 Nb8 43. Rf3 Nd7 44. Rf1 Nb8 45. Qe2 Qb5 46. Qf3 Qe8 47. Qg4 Qd7 48.
h5 Nc6 49. hxg6 hxg6 50. Qf4 Qe8 51. Bc5 Rc7 52. Qf8+ Qxf8 53. Rxf8+ Kh7 54.
Re8 a5 55. Rxe6 Kg8 56. Rd6 Kf7 57. e6+ Ke8 58. Rxd5 Rb7 59. Rd6 1-0

[Event "USCL Week 10"]
[Site "Internet Chess Club"]
[Date "2015.10.28"]
[Round "?"]
[White "Baker, Bruce"]
[Black "Moskow, Eric"]
[Result "0-1"]
[WhiteElo "2329"]
[BlackElo "2100"]
[PlyCount "54"]
[EventDate "2015.??.??"]

1. e4 c5 2. Nc3 Nc6 3. Bb5 Nd4 4. Bc4 g6 5. Nf3 Bg7 6. O-O d6 7. d3 Nf6 8. Nxd4
cxd4 9. Ne2 e5 10. f4 O-O 11. c3 dxc3 12. Nxc3 Be6 13. Qb3 Bxc4 14. dxc4 Rc8
15. Be3 exf4 16. Bxf4 Nh5 17. Be3 Be5 18. g3 Qd7 19. Nd5 b6 20. Rf2 Qe6 21.
Raf1 f6 22. c5 Kg7 23. cxd6 Bxd6 24. Nxf6 Rxf6 25. Rxf6 Qxb3 26. axb3 Nxf6 27.
Bd4 Bc5 0-1